|
|
|
|
| LEADER |
00000cam a2200000 a 4500 |
| 001 |
vtls008358591 |
| 003 |
SK-MaSNL |
| 005 |
20260425225453.0 |
| 008 |
240509s1974 xo oab grn 001 0 slo |
| 015 |
|
|
|a SNBA1974/08-02119
|
| 020 |
|
|
|q (viazané)
|
| 035 |
|
|
|a SK01SNK19740050808
|
| 035 |
|
|
|a SKM000053271
|
| 040 |
|
|
|a SNK
|b slo
|c SNK
|e AACR2
|
| 041 |
1 |
|
|a slo
|h ger
|
| 044 |
|
|
|a xo
|c SK
|
| 080 |
|
|
|a 611.9+612.8:159.92:301.18
|2 1981
|
| 080 |
|
|
|a 612.8
|2 1981
|
| 080 |
|
|
|a 159.92
|2 1981
|
| 080 |
|
|
|a 301.18
|2 1981
|
| 100 |
1 |
|
|a Hollitscher, Walter,
|d 1911-1986
|4 aut
|9 399194
|
| 240 |
1 |
4 |
|a Der Mensch im Weltbild der Wissenschaft
|l Slovensky
|
| 245 |
1 |
0 |
|a Človek očami vedy
|c Walter Hollitschner ; z nem. orig. Der Mensch im Weltbild der Wissenschaft ... preložil František Chorvát
|
| 260 |
|
|
|a Bratislava
|b Obzor
|c 1974
|e Bratislava
|f Svornosť
|
| 300 |
|
|
|a 406, [2] s., 5 s. fot. príl.
|b grafy, schémy, mapy
|c 8°
|
| 366 |
|
|
|e 3000 výt.
|
| 490 |
1 |
|
|a Veda a súčasnosť
|
| 504 |
|
|
|a Obsahuje bibliografické odkazy a registre
|
| 650 |
0 |
7 |
|a človek
|2 SNKPH
|9 16150
|
| 650 |
0 |
7 |
|a filozofia
|2 SNKPH
|9 793
|
| 650 |
0 |
7 |
|a marxizmus
|2 SNKPH
|9 2153
|
| 655 |
|
7 |
|a výklady
|2 SNKPH
|9 29178
|
| 700 |
1 |
|
|a Chorvát, František,
|d 1919-1995
|4 trl
|9 186001
|
| 830 |
|
0 |
|a Veda a súčasnosť
|9 344285
|
| 852 |
|
|
|a Slovenská národná knižnica
|
| 954 |
|
|
|a odborná, vedecká literatúra cudzojazyčná (svetová)
|2 lita
|
| 958 |
|
|
|a EUIPO
|
| 958 |
|
|
|a OND
|
| 958 |
|
|
|a RM
|
| 958 |
|
|
|a NB
|
| 958 |
|
|
|a OP
|
| 958 |
|
|
|a DE
|
| 968 |
|
|
|b DT
|
| 999 |
|
|
|c 649713
|d 651643
|
| 952 |
|
|
|a SNK
|b SNK
|y VYP
|7 0
|p 17A0407030
|o snkSC 34331 D1
|i snkKSP 5596/74
|8 0
|0 0
|1 0
|4 0
|d 2004-01-02
|l 0
|r 2005-01-02 00:00:00
|w 2026-02-23
|
| 952 |
|
|
|a SNK
|b SNK
|y PREZ
|7 0
|p 17A0956109
|o snkSC 34331
|0 0
|1 0
|4 0
|d 2012-10-11
|l 0
|r 2025-09-30 00:00:00
|w 2026-02-23
|